| 000 | 01673 a2200205 4500 | ||
|---|---|---|---|
| 001 | 59025 | ||
| 005 | 20260407155845.0 | ||
| 008 | 260407a1956 arg spa d | ||
| 003 | AR-UNSa-BCEJYS | ||
| 040 |
_aAR-UNSa-BCEJYS _bspa _cAR-UNSa-BCEJYS |
||
| 080 |
_a338.1 _xSituación económica. Ciclos. Desarrollo de la estructura económica |
||
| 245 | 1 | 0 |
_aDinámica del ciclo económico _pEstudio de las fluctuaciones económicas |
| 264 | 1 |
_aMéxico : _bFondo de Cultura Económica _c1956 |
|
| 300 |
_a387 p. _c22 cm. |
||
| 505 | _aParte I: Descripción: 1. Introducción: tipos de movimiento – 2. Desarrollos a largo plazo – 3. Interrupciones y cambios estructurales repentinos – 4. Movimientos cíclicos – 5. Fluctuaciones estacionales – 6. Movimientos fortuitos – 7. Diferencias entre países – 8. Las fluctuaciones de los mercados individuales – Parte II: La explicación de las fluctuaciones económicas: 9. Estática económica y dinámica económica – 10. El proceso del desarrollo a largo plazo – 11. Periodos de guerra e inflación – 12. Los grandes ciclos – 13. Fluctuaciones del ciclo económico – 14. Los movimientos cíclicos en los mercados individuales – 15. Movimientos exógenos – 16. Recapitulación teórica – Parte III: Política anticíclica: 17. Objetivos de la política de tendencia y de la política anticíclica – 18. Políticas indirectas: Política impositiva – 19. Políticas indirectas: Otras formas – 20. Políticas directas: Políticas de gasto – 21. Políticas directas: Otras formas | ||
| 942 | _cBK | ||
| 590 | _aniveau_biblio:m niveau_hierar:0 | ||
| 100 | 1 | _aTinbergen, Jan | |
| 700 | 1 | _aPolak, J.J. | |
| 999 |
_c6578 _d6578 |
||